Derived equivalences for group rings /
Guardado en:
| Autor Principal: | |
|---|---|
| Otros Autores: | |
| Formato: | Libro |
| Idioma: | English |
| Publicado: |
Berlin ; New York :
Springer-Verlag,
c1998.
|
| Series: | Lecture notes in mathematics (Springer-Verlag) ;
1685. |
| Materias: | |
| Acceso en línea: | Publisher description |
| Etiquetas: |
Agregar Etiqueta
Sin Etiquetas, Sea el primero en etiquetar este registro!
|
| LEADER | 01672pam a2200277 a 4500 | ||
|---|---|---|---|
| 001 | MAT.inmabb006884 | ||
| 008 | 980324s1998####gw#a#####b####001#0#eng## | ||
| 005 | 20180406130932.0 | ||
| 245 | 1 | 0 | |a Derived equivalences for group rings / |c Steffen König, Alexander Zimmermann ; with contributions by Bernhard Keller ... [et al.]. |
| 260 | |a Berlin ; |a New York : |b Springer-Verlag, |c c1998. | ||
| 300 | |a x, 246 p. : |b il. ; |c 24 cm. | ||
| 490 | 1 | |a Lecture notes in mathematics, |x 0075-8434 ; |v 1685 | |
| 504 | |a Incluye referencias bibliográficas (p. [233]-243) e índice. | ||
| 505 | 0 | |a Introduction -- Basic definitions and examples -- Rickard's fundamental theorem -- Some modular and local representation theory -- One-sided tilting complexes for group rings.- Tilting with additional structure : Two-sided tilting complexes -- Historical remarks -- Bernhard Keller: On the construction of triangle equivalences -- Jeremy Rickard: Triangulated categories in the modular representation theory of finite groups -- Raphael Rouquier: The derived category of blocks with cyclic defect groups -- Markus Linckelmann: On stable equivalences of Morita type. | |
| 510 | 4 | |a MR, |c 2000g:16018 | |
| 020 | |a 3540643117 (softcover : alk. paper) | ||
| 100 | 1 | |a König, Steffen, |d 1961- | |
| 700 | 1 | |a Zimmermann, Alexander, |d 1964- | |
| 830 | 0 | |a Lecture notes in mathematics (Springer-Verlag) ; |v 1685. | |
| 650 | 0 | |a Group rings. | |
| 650 | 0 | |a Algebra, Homological. | |
| 084 | |a 16Gxx (18E30 20C20) |2 msc2000 | ||
| 010 | |a 98018552 | ||
| 040 | |a DLC |c DLC |d DLC | ||
| 856 | 4 | 2 | |3 Publisher description |u http://www.loc.gov/catdir/enhancements/fy0815/98018552-d.html |
| 859 | |k H |p A-8960 |b BIB. MATEMATICA | ||
